000 00386nmm a2200145Ia 4500
008 251105s9999||||xx |||||||||||||||||und||
041 _aspa
100 _aDíaz de Tuesta
245 0 _aTrazos secretos
264 _a[Madrid, España] :
_bEdiciones B,
_c2016
300 _a688 páginas
650 _aRomance
856 _uhttps://public.digitaliapublishing.com/a/53767
942 _cCF
999 _c106147
_d106147